000 01090nam a2200277Ia 4500
003 GCL
008 140319s9999 xx 000 0 ara d
040 _aGCL /
_cGCL
082 0 4 _a372.832
_bم ت
100 1 _aمصطفى محمد عبدالله قاسم
245 1 0 _aالتعليم والمواطنه :
_bواقع التربية المدنية فى المدرسة المصرية /
_cمصطفى محمد عبدالله قاسم
250 _aالاولى
260 _aالقاهرة :
_bمركز القاهرة لدراسات حقوق الانسان ،
_c2006
300 _a271ص ؛
_c24سم
490 _aسلسلة اطروحات جامعية
_v6
650 0 4 _aالتربية الوطنية
650 0 4 _aالوطنية
650 0 4 _aالمواطنة
650 0 4 _aالثقافة السياسية
650 0 4 _aالمجتمع المدنى
650 0 4 _aالمجتمعات الحضرية
650 0 4 _aالمجتمع المدنى - العالم العربى
650 0 4 _aالمواطنة - مصر
650 0 4 _aالمواطنة فى التعليم
942 _2ddc
_cBK
999 _c9538
_d9538